Oklahoma City vs Indianapolis - Statistiques

Statistiques générales
  • Ce quiz a été pris 18 fois
  • Le résultat moyen est 8 sur 15
Statistiques - réponses
Question Réponse % Correct
Accueille une célèbre course automobile Indianapolis
94%
Est la capitale d'un État américain Les deux
75%
Se trouve sur la Tornado Alley ("allée" fictive pour représenter les régions souvent frappées par les tornades) Oklahoma City
75%
Lieu de tournage du film "Twisters" Oklahoma City
69%
Se trouve dans un État qui a combattu pour l'Union (Nord) pendant la Guerre de Sécession Indianapolis
63%
Abrite un monument aux morts Les deux
63%
A une équipe en NFL (National Football League) Indianapolis
56%
La plus proche des Grands Lacs Indianapolis
56%
Se situe sur la route 66 Oklahoma City
56%
Touchée par le Dust Bowl (catastrophe écologique et agricole dans les années 1930, provoquée une série de tempêtes de poussière) Oklahoma City
44%
A accueilli le Final Four (conclusion du championnat universitaire de basket-ball NCAA, se déroulant fin mars) Indianapolis
31%
Créée au XIXe siècle Les deux
31%
Brad Pitt y a déjà vécu Oklahoma City
31%
Peuplée de 500 000 habitants Les deux
13%
Se situe à l'Est du Mississippi (fleuve) Oklahoma City
13%
Aucun quiz correspondant
Distribution des résultats
% des personnes avec chaque résultat
Percentile par nombre de réponses
Votre historique - résultats
Vous n’avez pas pris ce quiz